<?xml version="1.0" encoding="UTF-8"?><?xml-stylesheet type="text/xsl" href="static/style.xsl"?><OAI-PMH xmlns="http://www.openarchives.org/OAI/2.0/" xmlns:xsi="http://www.w3.org/2001/XMLSchema-instance" xsi:schemaLocation="http://www.openarchives.org/OAI/2.0/ http://www.openarchives.org/OAI/2.0/OAI-PMH.xsd"><responseDate>2026-04-13T05:49:49Z</responseDate><request verb="GetRecord" identifier="oai:www.recercat.cat:10230/33111" metadataPrefix="marc">https://recercat.cat/oai/request</request><GetRecord><record><header><identifier>oai:recercat.cat:10230/33111</identifier><datestamp>2025-12-25T19:59:44Z</datestamp><setSpec>com_2072_6</setSpec><setSpec>col_2072_452954</setSpec></header><metadata><record xmlns="http://www.loc.gov/MARC21/slim" xmlns:dcterms="http://purl.org/dc/terms/" xmlns:xsi="http://www.w3.org/2001/XMLSchema-instance" xmlns:doc="http://www.lyncode.com/xoai" xsi:schemaLocation="http://www.loc.gov/MARC21/slim http://www.loc.gov/standards/marcxml/schema/MARC21slim.xsd">
   <leader>00925njm 22002777a 4500</leader>
   <datafield ind2=" " ind1=" " tag="042">
      <subfield code="a">dc</subfield>
   </datafield>
   <datafield ind2=" " ind1=" " tag="720">
      <subfield code="a">Bas Serrano, Joan</subfield>
      <subfield code="e">author</subfield>
   </datafield>
   <datafield ind2=" " ind1=" " tag="260">
      <subfield code="c">2017-10-27T10:52:19Z</subfield>
   </datafield>
   <datafield ind2=" " ind1=" " tag="260">
      <subfield code="c">2017-10-27T10:52:19Z</subfield>
   </datafield>
   <datafield ind2=" " ind1=" " tag="260">
      <subfield code="c">2017-07</subfield>
   </datafield>
   <datafield ind2=" " ind1=" " tag="520">
      <subfield code="a">Treball fi de màster de: Master on Intelligent and Interactive Systems</subfield>
   </datafield>
   <datafield ind2=" " ind1=" " tag="520">
      <subfield code="a">Supervisors: Vicenç Gómez and Davinia Hernández-Leo</subfield>
   </datafield>
   <datafield ind2=" " ind1=" " tag="520">
      <subfield code="a">The objective of this project has been to build a generative model of the user activity&#xd;
in the Integrative Learning Design Environment (ILDE) able to describe the data of&#xd;
different communities and which can be used for both to gain understanding about&#xd;
the data and to test hypothetical situations.&#xd;
The model that we present is called Hierarchical Multivariate Hawkes Model and&#xd;
works with a two layer procedure that first draws the beginning of working sessions&#xd;
and then fills these sessions with events of different kinds using a Multivariate&#xd;
Hawkes Model.&#xd;
In the project we first make an statistical temporal analysis of the data, to understand&#xd;
it and see the important features to be modeled, then we introduce the model,&#xd;
validate it, and show some of its applications.&#xd;
Through these steps it has been shown that the model is able to reproduce satisfactorily&#xd;
the sequences of events produced by the ILDE users and it can be easily used&#xd;
to tackle real problems that would be difficult to face with typical statistical tools.</subfield>
   </datafield>
   <datafield ind2=" " ind1=" " tag="520">
      <subfield code="a">The work has been carried out in the context of an internship funded by the DTIC-&#xd;
UPF Maria de Maetzu strategic program (MDM-2015-0502), linked to projects Ed-&#xd;
ucational Data Science project (EDS) and Understanding and Improving Social&#xd;
Interactions in Online Participation Platforms project (UISIOPP).</subfield>
   </datafield>
   <datafield tag="653" ind2=" " ind1=" ">
      <subfield code="a">Aprenentatge automàtic</subfield>
   </datafield>
   <datafield tag="653" ind2=" " ind1=" ">
      <subfield code="a">Generative Model</subfield>
   </datafield>
   <datafield tag="653" ind2=" " ind1=" ">
      <subfield code="a">Hawkes</subfield>
   </datafield>
   <datafield tag="653" ind2=" " ind1=" ">
      <subfield code="a">Poisson</subfield>
   </datafield>
   <datafield tag="653" ind2=" " ind1=" ">
      <subfield code="a">Educators Community</subfield>
   </datafield>
   <datafield ind2="0" ind1="0" tag="245">
      <subfield code="a">A generative model of user activity in the Integrated Learning Design Environment</subfield>
   </datafield>
</record></metadata></record></GetRecord></OAI-PMH>